000 00501nam a2200181Ia 4500
005 20250508152315.0
008 008 250505s9999 xx 000 0 eng d
037 _aTextual
040 _aFEDL
_beng
_cFEDL
041 _aeng
_2eng
084 _a971.22, SPE
_qFEDL
100 _aSperry Armstrong
_996406
245 0 _aAll abour the arctic and antarctic
260 _aNew York, USA
_bRandom House
_c1957
300 _a146p.
942 _cTEXL
_h971.22, SPE
999 _c1335635
_d1335635